LEADER 01590nas 2200529- 450 001 9910407557803321 005 20250928110242.0 011 $a2050-1250 035 $a(DE-599)ZDB2713036-8 035 $a(OCoLC)843749142 035 $a(CKB)3460000000085790 035 $a(CONSER)--2013263146 035 $a(DE-599)2713036-8 035 $a(EXLCZ)993460000000085790 100 $a20130520a20139999 --- - 101 0 $aeng 135 $aur||||||||||| 181 $ctxt$2rdacontent 182 $cc$2rdamedia 183 $acr$2rdacarrier 200 10$aNetwork science 210 1$aNew York, NY :$cCambridge University Press,$d[2013]- 210 4$dİ2013- 215 $a1 online resource 311 08$a2050-1242 517 1 $aNWS 606 $aSocial networks$xResearch$vPeriodicals 606 $aSystem analysis$vPeriodicals 606 $aSystem theory$vPeriodicals 606 $aComputer science$vPeriodicals 606 $aComputer science$2fast$3(OCoLC)fst00872451 606 $aSocial networks$xResearch$2fast$3(OCoLC)fst01122688 606 $aSystem analysis$2fast$3(OCoLC)fst01141385 606 $aSystem theory$2fast$3(OCoLC)fst01141423 608 $aPeriodicals.$2fast 615 0$aSocial networks$xResearch 615 0$aSystem analysis 615 0$aSystem theory 615 0$aComputer science 615 7$aComputer science. 615 7$aSocial networks$xResearch. 615 7$aSystem analysis. 615 7$aSystem theory. 906 $aJOURNAL 912 $a9910407557803321 996 $aNetwork science$91573569 997 $aUNINA